000 00989cam a2200253 a 4500
999 _c5973
_d5973
003 OSt
005 20230524120101.0
008 930827s1994 maua 000 0 eng
020 _a-
040 _cALUPE UNIVERSITY
050 0 0 _aHD30.23
_b.B68 1994
100 1 _aBoyd, Frances Armstrong.
245 1 0 _aMaking business decisions :
_bText and Cases /
_cFrances Boyd.
260 _aReading, Mass. :
_bAddison-Wesley,
_cc2010.
300 _a 254 p. :
_bill. ;
_c26 cm.
440 0 _aEnglish for business success
650 0 _aDecision making
_xProblems, exercises, etc.
650 0 _aIndustrial management
_xProblems, exercises, etc.
650 0 _aEnglish language
_xBusiness English
_xProblems, exercises, etc.
650 0 _aEnglish language
_xTextbooks for foreign speakers.
906 _a7
_bcbc
_corignew
_d1
_eocip
_f19
_gy-gencatlg
942 _2lcc
_cBK
_nCM